Ouverture Egmont (Запис номер 301891)
[ съкратено ]
| 000 -Лидер | |
|---|---|
| Контролно поле с фиксирана дължина | ncm a22 a 4500 |
| 003 - Код на организацията, давaща контролен номер | |
| Контролно поле | BLK |
| 005 - Дата и час на последна редакция | |
| Контролно поле | 20200401123907.0 |
| 008 - Елементи от данни с фиксирана дължина | |
| fixed length control field | 180414b bul |a|er|||| |0| c|bulo| |
| 010 ## - Наследен системен номер | |
| LC control number | NOT00001294000 |
| 040 ## - Източник на каталожния запис | |
| Идентификатор на билиотеката - собственик на записа | BLK |
| 041 ## - Код за език | |
| Код за езика на текст/звукозапис или на отделно заглавие | Немски |
| Код за езика КДБФ | Немски |
| 080 ## - УДК | |
| Текстов определител УДК | Увертюри, прелюдии - самостоятелни произведения |
| УДК код - определител по УДК | 785.11.083.22 |
| УДК - код + определител | 785.11.083.22 |
| 100 1# - Редна дума - Автор | |
| Автор | Бетовен, Лудвиг ван |
| Авторска отговорност | първи автор |
| R(LIN) | 38790 |
| 139 ## - Редно поле | |
| Редна дума | Бетовен, Лудвиг ван |
| Авторски знак | Бет - Б 42 |
| 245 10 - Сведения за заглавието | |
| Заглавие | Ouverture Egmont |
| Подзаглавни данни | Zum Trauerspiel Egmont von Johann W. v. Goethe |
| Редно поле (дума) | Лудвиг ван Бетовен; rev. Max Unger; по Йохан Волфганг фон Гьоте; * Ludwig van Beethoven. |
| Версия | Op.84 |
| 254 ## - Сведения за формата на нотното издание | |
| Формат на описваните ноти | Партитура |
| 257 ## - Страна на издаване | |
| Страна на създаване/издаване | Германия |
| 260 ## - Област на издателските данни | |
| Име на издателя, разпространителя и проч. | Peters 608 |
| Година на издаване | S. a. |
| 300 ## - Физическа характеристика | |
| Страници | 38 с. |
| Размери/Мащаб | 19 см |
| 380 ## - Жанр | |
| Жанр | Изкуство |
| 650 #4 - Допълнително описание по предмет – тема | |
| Основно описание – тема или топоним | Увертюри |
| 9 (RLIN) | 174542 |
| 653 ## - Ключова дума – ненормативна | |
| Ключова дума | увертюри |
| 700 1# - Други автори (авторска отговорност) | |
| Лично име | Unger, Max |
| Автороска отговорност (Описва отношението между автора и произведението) | rev. |
| 9 (RLIN) | 361942 |
| 700 1# - Други автори (авторска отговорност) | |
| Лично име | Гьоте, Йохан Волфганг фон |
| Автороска отговорност (Описва отношението между автора и произведението) | по |
| 9 (RLIN) | 363966 |
| 700 1# - Други автори (авторска отговорност) | |
| Лично име | Beethoven, Ludwig van |
| Автороска отговорност (Описва отношението между автора и произведението) | * |
| 9 (RLIN) | 4813 |
| 852 ## - Местоположение | |
| Форматна сигнатура | Цб М 1711 |
| Част | 0 |
| 856 4# - Електронен адрес и достъп | |
| Електронен формат | pdf - файл |
| Път до файла /url/ | |
| 856 4# - Електронен адрес и достъп | |
| Електронен формат | pdf - файл |
| Път до файла /url/ | |
| 999 ## - СИСТЕМНИ КОНТРОЛНИ НОМЕРА | |
| Koha biblionumber | 301891 |
| Koha biblioitemnumber | 301891 |
| 942 ## - АРТИКУЛИ | |
| Вид на библиотечния материал | Нотни издания |
| Скрит в OPAC | Не |
| Периодичен библиозапис | Да |
| 944 ## - СЪЗДАВАНЕ И РЕДАКЦИЯ на ЗАПИСА | |
| Създаване/Редакция | Създаване |
| Дата на регистрацията/редакция | 15.06.2005 |
| Служител, извършил регистрацията/редакцията | Ирена_Линкова |
| 944 ## - СЪЗДАВАНЕ И РЕДАКЦИЯ на ЗАПИСА | |
| Създаване/Редакция | Редакция |
| Дата на регистрацията/редакция | 13.09.2017 |
| Служител, извършил регистрацията/редакцията | Ирена_Линкова |
| 944 ## - СЪЗДАВАНЕ И РЕДАКЦИЯ на ЗАПИСА | |
| Създаване/Редакция | Редакция |
| Дата на регистрацията/редакция | 2020-04-01 |
| Служител, извършил регистрацията/редакцията | Ренета Константинова |
| 999 ## - СИСТЕМНИ КОНТРОЛНИ НОМЕРА | |
| Koha biblioitemnumber | 301891 |
| Код за отписване | Код за изгубен артикул | Източник на класификационната схема | Код за повреда | Коз за рестрикции | Код за отдаване | Артикулен № | Име на библиотеката - собственик | Име на библиотеката, в която се намира в момента | Статус (Текущо местоположение) | Дата на вписване в системата | Местоположение - отдел | Цена в лева | Инвентарен номер | Систематично азбучна сигнатура | Баркод | Номер на екземпляра | Цена в евро | Служебна бележка | Служебен тип на артикула |
|---|---|---|---|---|---|---|---|---|---|---|---|---|---|---|---|---|---|---|---|
| Не е изгубен | Universal Decimal Classification | Не е повреден | само за читалня | ползва се в читалня | 653252 | Регионална библиотека "Любен Каравелов" Русе | Регионална библиотека "Любен Каравелов" Русе | Хранилище | 1989-01-01 | Основен фонд - ползва се само за читалня | 1.61 | 671/89 | Цб М 1711 | 900000005260 | 1 | 0.82 | Дост: Pk Вид: Ф N: стар фонд Дата: 01.01.1989 | Нотни издания | |
| Не е изгубен | Universal Decimal Classification | Не е повреден | само за читалня | ползва се в читалня | 653253 | Регионална библиотека "Любен Каравелов" Русе | Регионална библиотека "Любен Каравелов" Русе | Хранилище | 2001-01-01 | Основен фонд - ползва се само за читалня | 0.01 | 2641/01 | Цб М 1711 | 900000005261 | 2 | 0.01 | Дост: DA Вид: А N: стар фонд Дата: 01.01.2001 | Нотни издания | |
| Не е изгубен | Universal Decimal Classification | Не е повреден | без рестрикции | заемане за дома | 653254 | Регионална библиотека "Любен Каравелов" Русе | Регионална библиотека "Любен Каравелов" Русе | Отдел Изкуство - подръчен фонд | 2006-11-27 | Отдел Изкуство - подръчен фонд | 2.00 | 170000003339 | 785.1/Б 42 | 170000003339 | 3 | 1.02 | Дост: DA Вид: А N: 19 Дата: 27.11.2006 | Нотни издания | |
| Изтеглен | Не е изгубен | Universal Decimal Classification | Не е повреден | без рестрикции | ползва се в читалня | 653255 | Регионална библиотека "Любен Каравелов" Русе | Регионална библиотека "Любен Каравелов" Русе | Хранилище | 2006-11-27 | Основен фонд - ползва се само за читалня | 2.00 | 670 | Цб М 1711 | 670 | 4 | 1.02 | Дост: DA Вид: А N: 19 Дата: 27.11.2006 Бележки инв: Ирена_Линк Съставил: Ирена_Линкова | Нотни издания |
| Не е изгубен | Universal Decimal Classification | Не е повреден | само за читалня | заемане за дома | 653256 | Регионална библиотека "Любен Каравелов" Русе | Регионална библиотека "Любен Каравелов" Русе | Хранилище | 2017-10-14 | Основен фонд - ползва се само за читалня | 9.00 | 170000004385 | Цб М 1711 | 170000004385 | 5 | 4.60 | Дост: DA Вид: А N: 39 Дата: 14.10.2017 Бележки инв: Пенка_Дими Съставил: Пенка_Димитрова | Нотни издания |